Fluid Mechanics and Fluid Machines: Basic Concepts and Principles/ (Record no. 178401)

MARC details
000 -LEADER
fixed length control field 00645nam a22001817a 4500
005 - DATE AND TIME OF LATEST TRANSACTION
control field 20210330111925.0
010 ## - LCCN (DPL NO)
LC control number ENG-125699
020 ## - INTERNATIONAL STANDARD BOOK NUMBER
International Standard Book Number 978-93-8472-674-4
Terms of availability 1995.00
035 ## - SYSTEM CONTROL NUMBER
System control number EN-109231
037 ## - SOURCE OF ACQUISITION
Source of stock number/acquisition DBAD/PUB
082 ## - DEWEY DECIMAL CLASSIFICATION NUMBER
Classification number 532
100 ## - MAIN ENTRY--PERSONAL NAME
Personal name Shiv Kumar
245 ## - TITLE STATEMENT
Title Fluid Mechanics and Fluid Machines: Basic Concepts and Principles/
Statement of responsibility, etc Shiv Kumar
260 ## - PUBLICATION, DISTRIBUTION, ETC. (IMPRINT)
Place of publication, distribution, etc New Delhi
Name of publisher, distributor, etc Ane Books
Date of publication, distribution, etc 2018
270 ## - ADDRESS
Address 4821, Parwana Bhawan, 1st Floor,24 Ansari Road, Darya Ganj
City New Delhi
Postal code 110002
Electronic mail address kapoor@anebooks.com
300 ## - PHYSICAL DESCRIPTION
Extent xxx+520p.
Dimensions 20cm(hbk)
Other physical details including tables, illustrations, and index.
942 ## - ADDED ENTRY ELEMENTS (KOHA)
Source of classification or shelving scheme Dewey Decimal Classification
Item type English Books
Classification part 532
Call number suffix SHI
Holdings
Withdrawn status Lost status Not for loan Collection code Home library Current library Date acquired Source of acquisition Cost, normal purchase price Full call number Barcode Copy number Cost, replacement price Koha item type
      Non-fiction Ashok Vihar Ashok Vihar 30/03/2021 DBAD/PUB 1995.00 532 SHI EN-109231 1 1995.00 English Books

© Delhi Public Library
Hit Counter
free hit counter